Unisex Baby names - Statistics

General Stats
  • This quiz has been taken 350 times
  • The average score is 2 of 15
Answer Stats
Hint Answer % Correct
Cameron
30%
Kelly
30%
Kyle
17%
Jean
16%
Angel
15%
Elliot
12%
Drew
11%
Aiden
10%
Aubrey
8%
Jaime
8%
Ariel
7%
Ashton
7%
Mackenzie
7%
Dominique
2%
Amari
1%
No matching quizzes found
Score Distribution
Percent of People with Each Score
Percentile by Number Answered
Your Score History
You have not taken this quiz